| 000 | 00506cam a2200169 4500 | ||
|---|---|---|---|
| 082 | 0 | 0 |
_a297.330 _bSID _cL31,P91. |
| 100 | 1 |
_aSiddiqi, Muhammad Nejatullah, _910130 |
|
| 245 | 1 | 0 | _aSome aspects of the Islamic economy. |
| 250 | _a[1st ed.] | ||
| 260 |
_aDelhi, _bMarkazi Maktaba Islami _c[1972] |
||
| 260 | _aMCE | ||
| 300 |
_a137 p. _c19 cm. |
||
| 490 | 1 | _aIshaat-e-Islam Trust publications, | |
| 526 |
_a0 _b0 _c0 _d297_330000000000000_SID |
||
| 650 | 0 |
_aIslam _xEconomic aspects. _910142 |
|
| 942 |
_2ddc _cBK |
||
| 999 |
_c542266 _d542266 |
||